| 000 | 00312 a2200121 4500 | ||
|---|---|---|---|
| 001 | 71661 | ||
| 082 | _a515.15 YUS | ||
| 090 |
_c38791 _d38791 |
||
| 100 | _aS.M Yusuf | ||
| 245 |
_aCalculus with Analytic Geometry 7th Edition _hEnglish |
||
| 260 |
_aLahore _b2004 _cIlmi Kitab Khana Lahore |
||
| 300 | _a529p | ||
| 942 |
_aCAE NUST _cTXT _k515.15 YUS |
||
| 999 |
_c306734 _d306734 |
||